Jacques Maritain filosofo della politica /

Guardado en:
Detalles Bibliográficos
Otros Autores: Scapinelli, Giovanna, Maritain, Jacques, Ivaldo, Marco
Formato: Tesis Libro
Lenguaje:italiano
Publicado: Roma : Civitas, stampa 1979
Etiquetas: Agregar Etiqueta
Sin Etiquetas, Sea el primero en etiquetar este registro!

MARC

LEADER 00000nam a22000007i 4500
001 IT\ICCU\IEI\0056163
003 ItRI
005 20251014181032.0
008 920723s1979 it |||||| ||||| |||||c
015 |2 IT  |a S9-4501 
040 |b ita  |c Arcigay Viterbo 
041 7 |a ita  |2 ISO-639-2 
245 0 0 |a Jacques Maritain filosofo della politica /  |c a cura di Marco Ivaldo. 
260 |a Roma :  |b Civitas,  |c stampa 1979 
300 |a VI, 89 p. ;  |c 24 cm 
502 |a Contiene scritti di: M. Ivaldo, J. Maritain, G. Scapinelli già pubbl. in Civitas, 1978-1979. 
700 1 |a Scapinelli, Giovanna  |0 IT\ICCU\BVEV\184449 
700 1 |a Maritain, Jacques  |0 IT\ICCU\CFIV\001812 
700 1 |a Ivaldo, Marco  |0 IT\ICCU\CFIV\002938 
942 |2 ddc  |c BK  |n 0 
952 |0 0  |1 0  |2 ddc  |4 0  |6 320_100000000000000_IVA_JAC  |7 0  |9 9733  |a VT  |b VT  |d 2025-10-14  |e Dono della Biblioteca Consorziale di Viterbo  |i B384  |l 0  |o 320.1 IVA JAC  |p B384  |r 2025-10-14 18:12:19  |w 2025-10-14  |y BK  |z Dono della Biblioteca Consorziale di Viterbo 
981 1 |6 z01  |a i   |b xxxe  
982 1 |6 z01  |a n 
999 |c 8114  |d 8114